[Event "38. MIEDZYNARODOWY MEMORIAL LUDWIKA ZAMENHOFA 2019 - OPEN A"]
[Site "Bialystok"]
[Date "1899-12-30"]
[Round "1.1"]
[White "Pietruszewski, Marcin"]
[Black "Heberla, Bartlomiej"]
[Result "0-1"]
[WhiteTitle "m"]
[BlackTitle "GM"]
[WhiteElo "2213"]
[BlackElo "2565"]

1. e4 c5 2. Nf3 e6 3. d4 cxd4 4. Nxd4 Nf6 5. Nc3 d6 6. Be2 a6 7. O-O Nbd7 8. f4
b5 9. Bf3 Bb7 10. a3 Qc7 11. Kh1 Be7 12. Qe1 h5 13. Be3 g6 14. Rd1 e5 15. Nb3
Ng4 16. Bxg4 hxg4 17. f5 Rh5 18. fxg6 fxg6 19. Nd5 Bxd5 20. exd5 Qxc2 21. Na5
Nf6 22. Nc6 Qe4 23. Qa5 Qxe3 24. Qc7 Rxh2+ 25. Kxh2 g3+ 26. Kh3 Qh6+ 27. Kxg3
Ne4+ 28. Kf3 Qf4+ 29. Ke2 Ng3+ 30. Kd3 Qe4+ 31. Kc3 Qc4+ 0-1

[Event "38. MIEDZYNARODOWY MEMORIAL LUDWIKA ZAMENHOFA 2019 - OPEN A"]
[Site "Bialystok"]
[Date "1899-12-30"]
[Round "1.2"]
[White "Markowski, Tomasz"]
[Black "Kiolbasa, Oliwia"]
[Result "1-0"]
[WhiteTitle "GM"]
[BlackTitle "WIM"]
[WhiteElo "2546"]
[BlackElo "2208"]

1. g3 Nf6 2. Bg2 d5 3. Nf3 c6 4. O-O g6 5. b3 Bg7 6. Bb2 O-O 7. c4 Nbd7 8. Qc2
Re8 9. Nc3 e5 10. cxd5 Nxd5 11. Ne4 Qe7 12. d3 f5 13. Nc3 e4 14. Nxd5 cxd5 15.
Nd4 Qc5 16. Qxc5 Nxc5 17. Rac1 b6 18. Rfd1 Ba6 19. Ba1 Rac8 20. dxe4 dxe4 21.
Bf1 Ne6 22. Rxc8 Bxc8 23. Nb5 Bxa1 24. Rxa1 Ba6 25. e3 Bxb5 26. Bxb5 Rd8 27. h4
Kf8 28. Rc1 Ke7 29. b4 Rd2 30. Rc6 Rd6 31. Rc8 Rd8 32. Rc2 Rd1+ 33. Kg2 Kd8 34.
Rc6 Nf8 35. h5 Rd5 36. Bc4 Rd7 37. Bb3 Rg7 38. h6 Rd7 39. g4 fxg4 40. Kg3 Re7
41. Kf4 Re8 42. Rf6 Nd7 43. Rf7 Re7 44. Rg7 Ne5 45. Bg8 Nd3+ 46. Kg3 Re5 47. Bxh7
Rh5 48. Bxg6 Rxh6 49. Bxe4 Nxb4 50. Rxa7 1-0

[Event "38. MIEDZYNARODOWY MEMORIAL LUDWIKA ZAMENHOFA 2019 - OPEN A"]
[Site "Bialystok"]
[Date "1899-12-30"]
[Round "1.3"]
[White "Flak, Pawel"]
[Black "Leniart, Arkadiusz"]
[Result "1/2-1/2"]
[WhiteTitle "k+"]
[BlackTitle "IM"]
[WhiteElo "2180"]
[BlackElo "2508"]

1. d4 Nf6 2. c4 e6 3. Nf3 c5 4. d5 b5 5. a4 Qa5+ 6. Bd2 b4 7. Qc2 exd5 8. cxd5
Ba6 9. e4 Bxf1 10. Rxf1 d6 11. b3 Qa6 12. Bg5 Nbd7 13. Nbd2 Be7 14. h3 O-O 15.
Nc4 Rfe8 16. Be3 Nxe4 17. Qxe4 Bf6 18. Qg4 Bc3+ 19. Ke2 Nf6 20. Qf5 Re4 21. Nfd2
Re5 22. Qf3 Rae8 23. Rae1 Rxd5 24. Kd1 Qc8 25. Kc2 Re6 26. g4 Qe8 27. Re2 Bxd2
28. Nxd2 Rde5 29. Nc4 Re4 30. Nd2 R4e5 31. Nc4 Re4 32. Nd2 R4e5 33. Nc4 Re4 1/2-1/2

[Event "38. MIEDZYNARODOWY MEMORIAL LUDWIKA ZAMENHOFA 2019 - OPEN A"]
[Site "Bialystok"]
[Date "1899-12-30"]
[Round "1.4"]
[White "Jakubowski, Krzysztof"]
[Black "Strybuk, Artsiom I"]
[Result "1/2-1/2"]
[WhiteTitle "GM"]
[BlackTitle "FM"]
[WhiteElo "2503"]
[BlackElo "2166"]

1. c4 Nf6 2. Nc3 e5 3. Nf3 Nc6 4. e3 Bb4 5. Qc2 O-O 6. Nd5 d6 7. a3 Bc5 8. b4 Bb6
9. Bd3 g6 10. Nxf6+ Qxf6 11. Bb2 Qe7 12. h4 f6 13. Rc1 Be6 14. Be4 Rad8 15. Bxc6
bxc6 16. a4 a5 17. c5 Ba7 18. cxd6 cxd6 19. bxa5 Rb8 20. d4 Qb7 21. Ba3 exd4 22.
Nxd4 Bxd4 23. exd4 Bf5 24. Qa2+ Qb3 25. Qxb3+ Rxb3 26. Bxd6 Re8+ 27. Kf1 Rd3 28.
Bc5 Rd2 29. Kg1 Bc8 30. Bb6 Ree2 31. Rxc6 Be6 32. d5 Bxd5 33. Rc8+ Kf7 34. Rh3
Re4 35. Rc7+ Ke6 36. Re3 Rxe3 37. Bxe3 Ra2 38. Rxh7 Rxa4 39. Bb6 Rg4 40. g3 Ra4
41. Kf1 Bf3 42. Ke1 Ra2 43. Rc7 Kf5 44. Rc4 g5 45. Rc5+ Ke4 46. hxg5 Kd3 47. Rc1
fxg5 48. Kf1 g4 49. Kg1 Kd2 50. Be3+ Ke2 51. Bb6 Kd2 52. Rf1 Rb2 53. Ra1 Rb5 54.
Bd8 Kc2 55. a6 Rb1+ 56. Rxb1 Kxb1 57. Kf1 Kc2 58. Ba5 Kd3 59. Ke1 Kc2 60. Bb6
Kd3 61. Bc5 Kc2 1/2-1/2

[Event "38. MIEDZYNARODOWY MEMORIAL LUDWIKA ZAMENHOFA 2019 - OPEN A"]
[Site "Bialystok"]
[Date "1899-12-30"]
[Round "1.5"]
[White "Zaura, Vidmantas"]
[Black "Kanarek, Marcel"]
[Result "0-1"]
[WhiteTitle "k"]
[BlackTitle "GM"]
[WhiteElo "2141"]
[BlackElo "2478"]

1. Nf3 g6 2. g3 Bg7 3. d4 c5 4. d5 Nf6 5. Bg2 O-O 6. O-O d6 7. Nc3 a6 8. a4 e6
9. dxe6 fxe6 10. e4 Ne8 11. Bg5 Qb6 12. Rb1 Nc6 13. Qd2 Bd7 14. Bh6 Nd4 15. Bxg7
Nxg7 16. a5 Qb4 17. Nh4 Qxa5 18. e5 d5 19. b4 Qa3 20. bxc5 Qxc3 0-1

[Event "38. MIEDZYNARODOWY MEMORIAL LUDWIKA ZAMENHOFA 2019 - OPEN A"]
[Site "Bialystok"]
[Date "1899-12-30"]
[Round "1.6"]
[White "Janik, Igor"]
[Black "Jakubowska, Anna"]
[Result "1-0"]
[WhiteTitle "IM"]
[BlackTitle "WIM"]
[WhiteElo "2466"]
[BlackElo "2129"]

1. e4 c6 2. d4 d5 3. exd5 cxd5 4. Bd3 Nc6 5. c3 Nf6 6. Bf4 Bg4 7. Qb3 Qc8 8. Nd2
e6 9. Ngf3 Be7 10. O-O Bxf3 11. Nxf3 O-O 12. Rae1 Nh5 13. Bc1 Qc7 14. Bb1 Bd6
15. g3 g6 16. Ng5 Be7 17. Qd1 Bxg5 18. Bxg5 f6 19. Bh6 Rfe8 20. Re3 Nd8 21. Rfe1
Nf7 22. g4 Nxh6 23. gxh5 f5 24. hxg6 hxg6 25. h3 Kf7 26. Qe2 Qd6 27. Bd3 Ng8 28.
c4 Nf6 29. c5 Qf4 30. Rxe6 Ne4 31. Rxe8 Rxe8 32. Qe3 Qh4 33. Bb5 Rh8 34. Bf1 Re8
35. Bg2 Kg7 36. Rd1 f4 37. Qe2 f3 38. Qxf3 Rf8 39. Qe3 Nxf2 40. Rf1 Ne4 41. Rxf8
Kxf8 42. Bxe4 dxe4 43. Qf2+ 1-0

[Event "38. MIEDZYNARODOWY MEMORIAL LUDWIKA ZAMENHOFA 2019 - OPEN A"]
[Site "Bialystok"]
[Date "1899-12-30"]
[Round "1.8"]
[White "Teclaf, Pawel"]
[Black "Zgadzaj, Rafal"]
[Result "1-0"]
[WhiteTitle "IM"]
[BlackTitle "k"]
[WhiteElo "2426"]
[BlackElo "2092"]

1. e4 g6 2. d4 Bg7 3. Nf3 d6 4. c3 Nf6 5. Bd3 O-O 6. O-O Nbd7 7. Re1 e5 8. Nbd2
c6 9. b3 Qc7 10. Ba3 Re8 11. Nc4 Bf8 12. Bf1 Nb6 13. Qd2 Nxc4 14. Bxc4 b5 15.
Bf1 Bg4 16. Qg5 Bxf3 17. Qxf6 Bg4 18. Qg5 Be6 19. Qe3 Qb6 20. d5 cxd5 21. exd5
Qxe3 22. Rxe3 Bd7 23. c4 Rab8 24. Ree1 b4 25. Bb2 a5 26. c5 dxc5 27. Bxe5 Ra8
28. Rac1 a4 29. d6 axb3 30. axb3 Ra5 31. Bc4 Bg7 32. f4 Bf8 33. Bd5 Ra2 34. Red1
Rc8 35. Ra1 Rxa1 36. Rxa1 Be6 37. Bxe6 fxe6 38. d7 Rd8 39. Rd1 Kf7 40. Bc7 Ke7
41. Bxd8+ Kxd8 42. Kf2 Bg7 43. Ke3 e5 44. fxe5 Bxe5 45. h3 Bb2 46. Rd5 Bf6 47.
Kd3 Bd4 48. Rxd4 cxd4 49. Kxd4 Kxd7 50. Kc5 Kc7 51. g4 Kd7 52. Kxb4 Kc6 53. g5
Kb6 54. Kc4 Kc6 55. Kd4 Kd6 56. b4 Ke6 57. b5 Kd6 58. b6 Kc6 59. Ke5 Kxb6 60.
Kf6 1-0

[Event "38. MIEDZYNARODOWY MEMORIAL LUDWIKA ZAMENHOFA 2019 - OPEN A"]
[Site "Bialystok"]
[Date "1899-12-30"]
[Round "1.9"]
[White "Walkusz, Witoslaw"]
[Black "Cukrowski, Filip"]
[Result "1/2-1/2"]
[WhiteTitle "FM"]
[BlackTitle "FM"]
[WhiteElo "2089"]
[BlackElo "2419"]

1. e4 c5 2. Nf3 d6 3. Bb5+ Bd7 4. Bxd7+ Qxd7 5. c4 g6 6. d4 cxd4 7. Nxd4 Bg7 8.
O-O Nc6 9. Be3 Nf6 10. f3 O-O 11. Nc3 a6 12. Na4 Qc7 13. Rc1 Nd7 14. b3 Rfc8 15.
Qd2 Nxd4 16. Bxd4 Bxd4+ 17. Qxd4 b5 18. Nb2 Qa5 19. cxb5 axb5 20. a4 bxa4 21.
Nxa4 Rab8 22. h3 Nc5 23. Nxc5 dxc5 24. Qe3 Rb5 25. Rc3 Rd8 26. Rfc1 Qb6 27. Rxc5
Rxb3 28. Qf2 Rb1 29. Rxb1 Qxb1+ 30. Kh2 1/2-1/2

[Event "38. MIEDZYNARODOWY MEMORIAL LUDWIKA ZAMENHOFA 2019 - OPEN A"]
[Site "Bialystok"]
[Date "1899-12-30"]
[Round "1.10"]
[White "Kosakowski, Jakub"]
[Black "Kaczmarek, Arkadiusz"]
[Result "1-0"]
[WhiteTitle "FM"]
[BlackTitle "I++"]
[WhiteElo "2403"]
[BlackElo "2088"]

1. e4 e6 2. d4 d5 3. Nd2 Nf6 4. e5 Nfd7 5. Bd3 c5 6. c3 Nc6 7. Ne2 cxd4 8. cxd4
f6 9. exf6 Nxf6 10. O-O Bd6 11. Nf3 Qc7 12. h3 O-O 13. Be3 Bd7 14. Re1 Rae8 15.
Nc3 a6 16. Rc1 Qb8 17. Na4 e5 18. dxe5 Nxe5 19. Nxe5 Bxe5 20. Nc5 Bc8 21. Qd2
Kh8 22. Qb4 d4 23. Bxd4 Bxd4 24. Qxd4 Rd8 25. Qc4 Qd6 26. Rcd1 Qd4 27. Qxd4 Rxd4
28. Be2 Rfd8 29. Rxd4 Rxd4 30. Bf3 b6 31. Ne4 Nxe4 32. Rxe4 Rxe4 33. Bxe4 Be6
34. a3 g5 35. f4 gxf4 36. Kf2 Kg7 37. Kf3 h6 38. Kxf4 Kf6 39. g4 Bc4 40. Bf5 a5
41. b4 axb4 42. axb4 Bf1 43. h4 Bc4 44. g5+ hxg5+ 45. hxg5+ Ke7 46. Ke5 Bb3 47.
g6 Bc4 48. Be4 1-0

[Event "38. MIEDZYNARODOWY MEMORIAL LUDWIKA ZAMENHOFA 2019 - OPEN A"]
[Site "Bialystok"]
[Date "1899-12-30"]
[Round "1.11"]
[White "Klimaszewski, Dariusz"]
[Black "Tihonov, Jurij"]
[Result "0-1"]
[WhiteTitle "CM"]
[BlackTitle "GM"]
[WhiteElo "2084"]
[BlackElo "2394"]

1. e4 c5 2. Nf3 d6 3. Bb5+ Bd7 4. Bxd7+ Nxd7 5. O-O Ngf6 6. Qe2 e6 7. c4 Ne5 8.
d3 Be7 9. b3 O-O 10. Bb2 Nfd7 11. Nbd2 a6 12. d4 Nxf3+ 13. Nxf3 cxd4 14. Bxd4
Qa5 15. Rfd1 Rfd8 16. Qb2 Qh5 17. a4 Nc5 18. Qc2 Rac8 19. Rac1 Qg6 20. Re1 h6
21. b4 Nd7 22. Qb3 Bf6 23. Qe3 Bxd4 24. Qxd4 Qf6 25. Qxf6 gxf6 26. Nd2 a5 27.
bxa5 Ra8 28. Nb3 Nc5 29. Nxc5 dxc5 30. Red1 Rxd1+ 31. Rxd1 Rxa5 32. Ra1 Ra6 33.
f3 Rb6 34. a5 Rb4 35. a6 bxa6 36. Rxa6 Rxc4 37. Ra8+ Kg7 38. Kf2 Rc2+ 39. Kg3
c4 40. Rc8 c3 41. h4 h5 42. f4 Rc1 43. f5 c2 44. Kf2 e5 45. Kg3 Re1 46. Rxc2 Rxe4
47. Rf2 Kf8 48. Kh3 Rf4 49. Kg3 Rc4 50. Kh3 Ke7 51. g3 Kd6 52. Rd2+ Rd4 53. Ra2
e4 54. Ra7 Ke5 55. Rxf7 Kxf5 56. Rh7 e3 57. Kg2 e2 58. Kf2 Re4 59. Ke1 Kg4 60.
Rg7+ Kf3 0-1

[Event "38. MIEDZYNARODOWY MEMORIAL LUDWIKA ZAMENHOFA 2019 - OPEN A"]
[Site "Bialystok"]
[Date "1899-12-30"]
[Round "1.13"]
[White "Salna, Aleksandras"]
[Black "Chojnacki, Krzysztof"]
[Result "0-1"]
[WhiteTitle "k"]
[BlackTitle "IM"]
[WhiteElo "2020"]
[BlackElo "2375"]

1. d4 Nf6 2. c4 e6 3. Nc3 d5 4. Nf3 a6 5. cxd5 exd5 6. Bg5 Be6 7. e3 Nbd7 8. Bd3
h6 9. Bh4 g5 10. Bg3 Nh5 11. Be5 Ng7 12. e4 dxe4 13. Bxe4 g4 14. d5 gxf3 15. Bxg7
fxg2 16. Rg1 Bxg7 17. dxe6 Bxc3+ 18. bxc3 Nc5 19. exf7+ Kf8 20. Qxd8+ Rxd8 21.
Bc2 Kxf7 22. Rxg2 Rhe8+ 23. Kf1 Re5 24. f4 Re3 25. Rg3 Rxg3 26. hxg3 Rd2 27. Rc1
Kf6 28. Bb1 b6 29. Re1 Rh2 30. Kg1 Rb2 31. g4 Ne6 32. Rf1 Re2 33. Bd3 Re3 34.
Bxa6 Rg3+ 35. Kf2 Rxc3 36. Ke2 Rc2+ 37. Ke3 Rxa2 38. Bc4 Ra3+ 39. Ke4 Ra4 40.
Kd3 Nc5+ 41. Kd4 Nb3+ 42. Kc3 Rxc4+ 43. Kxb3 b5 44. Rh1 Kg6 45. f5+ Kg7 46. Rh4
Rf4 47. Kc3 c5 48. Kd3 b4 49. Ke3 Rd4 50. f6+ Kxf6 51. Rxh6+ Ke5 52. Rh5+ Kd6
53. Kf3 b3 54. Rh1 c4 55. g5 c3 56. g6 Ke7 57. Ke3 Rd6 58. Rf1 Rxg6 59. Kd3 Rg3+
60. Kc4 c2 0-1

[Event "38. MIEDZYNARODOWY MEMORIAL LUDWIKA ZAMENHOFA 2019 - OPEN A"]
[Site "Bialystok"]
[Date "1899-12-30"]
[Round "1.14"]
[White "Sieciechowicz, Marcin"]
[Black "Pettersson, Alexander"]
[Result "1-0"]
[WhiteTitle "IM"]
[BlackTitle "k"]
[WhiteElo "2366"]
[BlackElo "2016"]

1. d4 d5 2. c4 e6 3. Nc3 Nf6 4. cxd5 exd5 5. Bg5 Be7 6. e3 O-O 7. Bd3 c6 8. Qc2
Nbd7 9. Nge2 Re8 10. O-O Nf8 11. f3 Ng6 12. Rad1 Be6 13. h3 Nh5 14. Bxe7 Qxe7
15. Bxg6 hxg6 16. e4 g5 17. g4 Nf6 18. e5 Nh7 19. f4 gxf4 20. Nxf4 Qh4 21. Qf2
Qxf2+ 22. Rxf2 Bd7 23. Re1 Ng5 24. h4 Ne6 25. Nxe6 Bxe6 26. g5 b6 27. Rd1 Red8
28. Kg2 Rd7 29. Kg3 c5 30. Rfd2 c4 31. Rf1 a6 32. Na4 Rb7 33. Rdf2 Rab8 34. h5
Bd7 35. Nc3 Be6 36. g6 b5 37. Kh4 Rc8 38. Kg5 Rcb8 39. Ne2 b4 40. Nf4 Re8 41.
Rh1 Rf8 42. Nxe6 fxe6 43. Rxf8+ Kxf8 44. h6 gxh6+ 45. Kf6 c3 46. bxc3 bxc3 47.
Rxh6 Kg8 48. Rh3 Rc7 49. g7 Rf7+ 50. Kxe6 Rc7 51. Rh1 c2 52. Rc1 Kxg7 53. Kd6
Rc3 54. e6 Kf8 55. Kd7 1-0

[Event "38. MIEDZYNARODOWY MEMORIAL LUDWIKA ZAMENHOFA 2019 - OPEN A"]
[Site "Bialystok"]
[Date "1899-12-30"]
[Round "1.15"]
[White "Kirilin, Dmitrij"]
[Black "Baum, Jonasz"]
[Result "0-1"]
[WhiteTitle "k"]
[BlackTitle "FM"]
[WhiteElo "2015"]
[BlackElo "2340"]

1. Nf3 c5 2. c4 Nc6 3. Nc3 g6 4. e3 Bg7 5. d4 d6 6. d5 Bxc3+ 7. bxc3 Na5 8. e4
e5 9. dxe6 Bxe6 10. Bf4 Qf6 11. Bd2 Ne7 12. Bg5 Qg7 13. Qd2 h6 14. Bf4 Rd8 15.
Rd1 Bxc4 16. Bxc4 Nxc4 17. Qd3 b5 18. Nd2 d5 19. Nxc4 bxc4 20. Qg3 O-O 21. Be5
f6 22. Bd6 Rfe8 23. O-O dxe4 24. Bxe7 Rxd1 25. Rxd1 Rxe7 26. Qd6 Kh7 27. Qxc5
f5 28. Qxc4 Rc7 29. Qd5 Qxc3 30. h4 e3 31. fxe3 Qxe3+ 32. Kh1 Qf4 33. Qd8 Rg7
34. Rd7 Qe5 35. Rxg7+ Qxg7 36. Qd5 h5 37. Qe6 Qc7 38. Qe3 a5 39. a4 Kg7 40. Qd4+
Kf7 41. g3 Ke6 42. Qe3+ Kd5 43. Qd3+ Ke6 44. Qe3+ Kd7 45. Qd4+ Kc8 46. Qh8+ Kb7
47. Qb2+ Ka7 48. Kh2 Qc6 49. Qd4+ Kb7 50. Qg7+ Ka6 51. Qf7 Qd6 52. Qc4+ Ka7 53.
Qf7+ Kb6 54. Qb3+ Ka7 55. Qf7+ Kb8 56. Qg8+ Kc7 57. Qf7+ Kd8 58. Qg8+ Kd7 59.
Qf7+ Kd8 60. Qg8+ Kc7 61. Qf7+ Qd7 62. Qxg6 Qxa4 63. Qxh5 Qc2+ 64. Kh3 Qe4 65.
Qf7+ Kb6 66. h5 Qh1# 0-1

[Event "38. MIEDZYNARODOWY MEMORIAL LUDWIKA ZAMENHOFA 2019 - OPEN A"]
[Site "Bialystok"]
[Date "1899-12-30"]
[Round "1.16"]
[White "Reza, Wojciech"]
[Black "Marcinczyk, Monika"]
[Result "1-0"]
[WhiteTitle "FM"]
[BlackTitle "WCM"]
[WhiteElo "2308"]
[BlackElo "2010"]

1. d4 d5 2. Nf3 Nf6 3. c4 e6 4. g3 Be7 5. Bg2 O-O 6. O-O c5 7. cxd5 Nxd5 8. e4
Nf6 9. e5 Nd5 10. dxc5 Qc7 11. Qd4 Rd8 12. Nbd2 Nc6 13. Qe4 h6 14. a3 Bxc5 15.
b4 Bf8 16. Bb2 b5 17. Rfc1 Qb6 18. Bf1 a5 19. Bd3 g6 20. bxa5 Rxa5 21. h4 Ra4
22. Qe2 Rg4 23. Kf1 b4 24. Nc4 Rxc4 25. Bxc4 Na5 26. Bd4 Qb8 27. axb4 Bxb4 28.
Rcb1 Nxc4 29. Qxc4 Bd7 30. Kg2 Bb5 31. Qc2 Rc8 32. Qd1 Nc3 33. Bxc3 Bxc3 34. Ra3
Rc5 35. Rab3 Qe8 36. Qc1 Qc6 37. Rxb5 Rxb5 38. Rxb5 Qxb5 39. Qxc3 Kg7 40. Qd4
1-0

[Event "38. MIEDZYNARODOWY MEMORIAL LUDWIKA ZAMENHOFA 2019 - OPEN A"]
[Site "Bialystok"]
[Date "1899-12-30"]
[Round "1.17"]
[White "Karolczuk, Iwo"]
[Black "Budrewicz, Krzysztof"]
[Result "1-0"]
[WhiteTitle "I++"]
[BlackTitle "m"]
[WhiteElo "1976"]
[BlackElo "2275"]

1. d4 d6 2. e4 g6 3. f4 Bg7 4. Nf3 Bg4 5. Be2 c5 6. dxc5 Qa5+ 7. c3 Qxc5 8. Qd3
Nd7 9. Be3 Qc7 10. h3 Bxf3 11. Bxf3 Ngf6 12. O-O O-O 13. Nd2 Rfc8 14. g4 Nc5 15.
Qe2 Rab8 16. b3 b5 17. Rac1 e5 18. fxe5 dxe5 19. c4 b4 20. g5 Nfd7 21. Bg4 Rf8
22. Bxd7 Nxd7 23. c5 Rfc8 24. Rc2 Qd8 25. Rfc1 Qe7 26. Qa6 Bf8 27. Nf3 Ra8 28.
Qb7 Qe6 29. Kg2 Rab8 30. Qd5 Rc6 31. Rd2 Rb7 32. Qxe6 fxe6 33. Rxd7 Rxd7 34. Nxe5
Rdc7 35. Nxc6 Rxc6 36. e5 Kf7 37. Kf3 Ke8 38. Ke4 Be7 39. Kd4 Ra6 40. Rc2 Kd7
41. Kc4 Kc6 42. Kxb4 Bd8 43. Kc4 Bc7 44. Bd4 Ra3 45. Rf2 Bd8 46. h4 a6 47. Bc3
Ba5 48. Bxa5 Rxa5 49. b4 Ra3 50. Rd2 Kc7 51. Rd6 Rxa2 52. Rxe6 Rc2+ 53. Kb3 Rh2
54. Rxa6 Rxh4 55. e6 Re4 56. b5 Re5 57. Kc4 Rxg5 58. Ra7+ Kd8 59. Rxh7 Re5 60.
b6 1-0

[Event "38. MIEDZYNARODOWY MEMORIAL LUDWIKA ZAMENHOFA 2019 - OPEN A"]
[Site "Bialystok"]
[Date "1899-12-30"]
[Round "1.18"]
[White "Godzwon, Iwo"]
[Black "Luberanski, Jakub"]
[Result "1/2-1/2"]
[WhiteTitle "FM"]
[BlackTitle "I++"]
[WhiteElo "2275"]
[BlackElo "1963"]

1. e4 e5 2. Nf3 Nc6 3. Bb5 a6 4. Ba4 Nf6 5. O-O b5 6. Bb3 Be7 7. Re1 d6 8. c3 O-O
9. h3 Bb7 10. d4 Re8 11. Nbd2 Bf8 12. a3 h6 13. Ba2 Nb8 14. d5 Nbd7 15. b4 c6
16. dxc6 Bxc6 17. Nh2 Qc7 18. Qf3 Qb7 19. Ng4 d5 20. exd5 Bxd5 21. Bxd5 Qxd5 22.
Ne4 Nxe4 23. Rxe4 Qe6 24. Re1 e4 25. Qd1 f5 26. Ne3 Ne5 27. Qd5 Qxd5 28. Nxd5
Rac8 29. Re2 Red8 30. Ne3 g6 31. Bd2 Bg7 32. Rc1 Nd3 33. Rc2 Nf4 34. Re1 Nd5 35.
Nxd5 Rxd5 36. Kf1 Rd3 37. Re3 Rxe3 38. fxe3 Kf7 39. a4 Ke6 40. axb5 axb5 41. Ra2
Kd5 42. Ke2 Rc6 43. Ra3 Kc4 44. Be1 Bf6 45. Ra5 h5 46. h4 Be5 47. Ra3 Bg7 48.
Ra5 Bf6 49. Ra3 Kd5 50. Kd2 Bg7 51. Ke2 Kc4 52. Ra5 Be5 53. Ra3 Rb6 54. Ra8 Bb8
55. Ra3 Kd5 56. Ra5 Kc6 57. c4 bxc4 58. Rc5+ Kb7 59. Rxc4 Ra6 60. Rd4 Ra2+ 61.
Kf1 Ra6 62. Ke2 Rd6 63. Rc4 Rd3 64. b5 Ba7 65. Bd2 Rd6 66. Ba5 Bb6 67. Bd2 Bd8
68. Bb4 Re6 69. Bc5 Re5 70. g3 Rd5 71. Rc2 Bc7 72. Kf2 Bb8 73. Kg2 Bc7 74. Kf2
Ba5 75. Ke2 Bc7 76. Kf2 1/2-1/2

[Event "38. MIEDZYNARODOWY MEMORIAL LUDWIKA ZAMENHOFA 2019 - OPEN A"]
[Site "Bialystok"]
[Date "1899-12-30"]
[Round "1.20"]
[White "Kumala, Aleksander"]
[Black "Paszkowski, Krystian"]
[Result "1/2-1/2"]
[WhiteTitle "CM"]
[BlackTitle "I+"]
[WhiteElo "2218"]
[BlackElo "1950"]

1. d4 Nf6 2. Bg5 e6 3. Nd2 Be7 4. c3 b6 5. e4 Bb7 6. Bd3 d6 7. Ngf3 Nbd7 8. a4
a6 9. O-O h6 10. Bh4 Nh5 11. Bxe7 Qxe7 12. Re1 Nf4 13. Bf1 g5 14. d5 e5 15. Nc4
Nf6 16. Nfd2 g4 17. Ne3 Bc8 18. a5 h5 19. axb6 cxb6 20. Qa4+ b5 21. Bxb5+ Kf8
22. Bf1 h4 23. Qc6 Rb8 24. Bxa6 Bd7 25. Qc7 Rxb2 26. Bc8 Rxd2 27. Ra7 g3 28. fxg3
hxg3 29. hxg3 Nxe4 30. Qxd7 Qxd7 31. Bxd7 Nxg3 32. Ra8+ Kg7 33. Rxh8 Kxh8 34.
c4 Nd3 35. Rd1 Rxd1+ 36. Nxd1 f5 37. Nc3 e4 38. Bxf5 Nxf5 39. Nxe4 Nc5 40. Nxd6
Nxd6 41. g4 Kg7 42. g5 Nxc4 1/2-1/2

[Event "38. MIEDZYNARODOWY MEMORIAL LUDWIKA ZAMENHOFA 2019 - OPEN A"]
[Site "Bialystok"]
[Date "1899-12-30"]
[Round "1.21"]
[White "Bialiauski, Artsiom"]
[Black "Szostko, Jakub"]
[Result "0-1"]
[WhiteTitle "I"]
[BlackTitle "FM"]
[WhiteElo "1944"]
[BlackElo "2217"]

1. d4 Nf6 2. Nf3 e6 3. c4 d5 4. Nc3 Bb4 5. Bg5 h6 6. Bh4 dxc4 7. e3 b5 8. a4 c6
9. Be2 a6 10. O-O Bb7 11. Ne5 Nbd7 12. f4 Qb6 13. Qe1 c5 14. Qg3 O-O 15. Rad1
Bxc3 16. Nxd7 Nxd7 17. bxc3 f5 18. Bf3 Bxf3 19. gxf3 cxd4 20. cxd4 b4 21. Kh1
Nf6 22. Rg1 Ra7 23. Qg6 Nd5 24. Rg3 Qc6 25. Rdg1 Kh8 26. Qh5 Nf6 27. Qg6 c3 28.
d5 Nxd5 29. Rh3 Qe8 30. Qg3 c2 31. Bg5 h5 32. e4 Nf6 33. Bxf6 Rxf6 34. Qg5 Rh6
35. Rhg3 Rc7 0-1

[Event "38. MIEDZYNARODOWY MEMORIAL LUDWIKA ZAMENHOFA 2019 - OPEN A"]
[Site "Bialystok"]
[Date "1899-12-30"]
[Round "2.1"]
[White "Heberla, Bartlomiej"]
[Black "Sieciechowicz, Marcin"]
[Result "1-0"]
[WhiteTitle "GM"]
[BlackTitle "IM"]
[WhiteElo "2565"]
[BlackElo "2366"]

1. e4 e6 2. d4 d5 3. e5 c5 4. c3 Qb6 5. Nf3 Nc6 6. Na3 cxd4 7. cxd4 Bb4+ 8. Bd2
Nge7 9. Nc2 Bxd2+ 10. Qxd2 a5 11. Bd3 Nb4 12. Nxb4 Qxb4 13. Rc1 Qxd2+ 14. Kxd2
Bd7 15. Rc5 Nc6 16. Bb5 Ke7 17. Bxc6 Bxc6 18. Rhc1 Rhc8 19. Ne1 Bd7 20. Rc7 Rab8
21. R1c3 Rxc7 22. Rxc7 Kd8 23. Rc3 Ke7 24. Rg3 Kf8 25. Rb3 b6 26. Nd3 h5 27. Nf4
g6 28. Nh3 Ke7 29. Ng5 b5 30. Rc3 Rb7 31. Nh7 Kd8 32. Nf6 a4 33. h4 b4 34. Rc5
Bb5 35. f3 Bc4 36. Ra5 Bb5 37. Ra8+ Kc7 38. g4 Kb6 39. gxh5 gxh5 40. Rc8 Bc4 41.
Ra8 Kb5 42. Ne8 Rb6 43. Nd6+ Kc6 44. Rxa4 Ba6 45. Ra5 f6 46. Nf7 fxe5 47. Nxe5+
Kd6 48. Ke3 Bb5 49. Ra7 Rb8 50. b3 Rc8 51. Rb7 Be8 52. Rxb4 Rc2 53. a4 Rh2 54.
a5 Ra2 55. Rb8 Ke7 56. b4 1-0

[Event "38. MIEDZYNARODOWY MEMORIAL LUDWIKA ZAMENHOFA 2019 - OPEN A"]
[Site "Bialystok"]
[Date "1899-12-30"]
[Round "2.2"]
[White "Baum, Jonasz"]
[Black "Markowski, Tomasz"]
[Result "0-1"]
[WhiteTitle "FM"]
[BlackTitle "GM"]
[WhiteElo "2340"]
[BlackElo "2546"]

1. d4 c5 2. d5 d6 3. c4 g6 4. Nf3 Bg7 5. g3 e6 6. Bg2 exd5 7. cxd5 Nf6 8. Nc3 O-O
9. O-O Re8 10. Re1 Na6 11. e4 Bg4 12. Bf4 Nd7 13. h3 Bxf3 14. Qxf3 Ne5 15. Qe2
Qd7 16. Rad1 Nc7 17. a4 a6 18. a5 Rab8 19. Be3 c4 20. Bd4 Nb5 21. Nxb5 axb5 22.
Qd2 Ra8 23. Re3 Nd3 24. Bxg7 Kxg7 25. b4 f5 26. exf5 Qxf5 27. Re6 Rf8 28. f4 Rad8
29. Qe3 Kg8 30. Qb6 c3 31. Qe3 c2 32. Rxd3 c1=Q+ 33. Qxc1 Qxd3 34. Kh2 Rc8 35.
Qe1 Rc2 36. Rxd6 Re2 37. Qf1 Qd2 38. Re6 Rf2 39. Qg1 Rc8 40. a6 Rc2 41. h4 Rxg2+
42. Kh3 Rxg1 0-1

[Event "38. MIEDZYNARODOWY MEMORIAL LUDWIKA ZAMENHOFA 2019 - OPEN A"]
[Site "Bialystok"]
[Date "1899-12-30"]
[Round "2.3"]
[White "Kanarek, Marcel"]
[Black "Reza, Wojciech"]
[Result "1-0"]
[WhiteTitle "GM"]
[BlackTitle "FM"]
[WhiteElo "2478"]
[BlackElo "2308"]

1. e4 e5 2. Nf3 Nc6 3. Bb5 a6 4. Ba4 Nf6 5. d3 b5 6. Bb3 Be7 7. h3 d6 8. Bd2 Rb8
9. O-O O-O 10. Re1 Kh8 11. a4 Be6 12. Bxe6 fxe6 13. c3 b4 14. Be3 bxc3 15. bxc3
Nh5 16. d4 exd4 17. cxd4 d5 18. e5 Qe8 19. Nbd2 Nb4 20. Qb1 Nc6 21. Qc2 Nb4 22.
Qc3 Rb6 23. Rec1 Rc6 24. Qb3 Nf4 25. Bxf4 Rxf4 26. g3 Rf8 27. a5 h6 28. Kg2 Qa8
29. Qa4 Rb8 30. Rxc6 Qxc6 31. Qxc6 Nxc6 32. Rc1 Nxa5 33. Rxc7 Rb7 34. Rc8+ Kh7
35. Kf1 Kg6 36. Ke2 Kf7 37. Ne1 Nb3 38. Nxb3 Rxb3 39. Nd3 Ra3 40. Rc6 a5 41. Nf4
a4 42. Nxe6 Ra2+ 43. Kf3 Ra3+ 44. Ke2 Ra2+ 45. Kf3 Ra3+ 46. Kg2 Rd3 47. Ra6 a3
48. Nf4 Rxd4 49. e6+ Kf6 50. Nh5+ Kg6 51. g4 Rd2 52. Ra7 Rxf2+ 53. Kg3 Bd6+ 54.
Kh4 Kh7 55. Nxg7 Bc5 56. e7 Re2 57. Ne6 Bf2+ 58. Kh5 Re5+ 59. g5 1-0

[Event "38. MIEDZYNARODOWY MEMORIAL LUDWIKA ZAMENHOFA 2019 - OPEN A"]
[Site "Bialystok"]
[Date "1899-12-30"]
[Round "2.4"]
[White "Szostko, Jakub"]
[Black "Janik, Igor"]
[Result "0-1"]
[WhiteTitle "FM"]
[BlackTitle "IM"]
[WhiteElo "2217"]
[BlackElo "2466"]

1. e4 c5 2. Nf3 Nc6 3. Bb5 g6 4. Bxc6 bxc6 5. O-O Bg7 6. Re1 Nh6 7. c3 O-O 8. d4
cxd4 9. cxd4 f6 10. Nc3 Nf7 11. Be3 Rb8 12. b3 d6 13. h3 Qa5 14. Rc1 Bd7 15. Nd2
Rfd8 16. f4 f5 17. Nc4 Qb4 18. e5 Be6 19. Qe2 Bd5 20. Nxd5 cxd5 21. Bd2 Qb5 22.
Na5 dxe5 23. Qxb5 Rxb5 24. dxe5 Bf8 25. Nc6 Ra8 26. Nd4 Rb6 27. Rc2 Nd8 28. Rec1
Kf7 29. Rc8 Rxc8 30. Rxc8 Ne6 31. Nxe6 Rxe6 32. Be3 g5 33. g3 gxf4 34. gxf4 Bh6
35. Kf2 d4 36. Bc1 Ra6 37. a3 Ke6 38. Rd8 Rc6 39. Bd2 Rc2 40. Ke1 Rb2 41. Rxd4
Rxb3 42. Ra4 Rxh3 43. Rxa7 Rh4 44. Ra6+ Kd5 45. Ra4 Rh2 46. Be3 Ra2 47. Bd2 e6
48. Ke2 Bf8 49. Ra8 Bc5 50. Rh8 Ke4 51. Kd1 Kd3 52. Rd8+ Bd4 0-1

[Event "38. MIEDZYNARODOWY MEMORIAL LUDWIKA ZAMENHOFA 2019 - OPEN A"]
[Site "Bialystok"]
[Date "1899-12-30"]
[Round "2.5"]
[White "Eigminas, Kipras"]
[Black "Teclaf, Pawel"]
[Result "0-1"]
[WhiteTitle "k"]
[BlackTitle "IM"]
[WhiteElo "2127"]
[BlackElo "2426"]

1. e4 c5 2. Nf3 e6 3. d4 cxd4 4. Nxd4 a6 5. Bd3 Bc5 6. Nb3 Ba7 7. O-O Nc6 8. Nc3
Nf6 9. Bf4 d6 10. Be2 e5 11. Bg5 h6 12. Bxf6 Qxf6 13. Bg4 Ne7 14. a4 O-O 15. Bxc8
Raxc8 16. Qd3 Qe6 17. Rad1 Rfd8 18. Rd2 Bc5 19. Nxc5 Rxc5 20. Rfd1 Qc8 21. Qe2
Qc6 22. Ra1 Qb6 23. Nd1 d5 24. exd5 Nxd5 25. Qxe5 Qc6 26. Ne3 Re8 27. Qd4 Nxe3
28. fxe3 Rxc2 29. Rxc2 Qxc2 30. Rf1 Qb3 31. e4 Rc8 32. h3 Rc4 33. Qd5 Qb6+ 34.
Kh1 Qc7 35. e5 Rc1 36. Rxc1 Qxc1+ 37. Kh2 Qxb2 38. e6 fxe6 39. Qxe6+ Kf8 40. a5
Qb5 41. Qd6+ Kf7 42. Qc7+ Kf8 43. Qd6+ Kf7 44. Qc7+ Kg6 45. g4 Qe2+ 46. Kg3 Qe3+
47. Kg2 Qe4+ 48. Kg3 Qd5 49. Qb6+ Kh7 50. Kf4 Kg8 51. h4 g5+ 52. hxg5 hxg5+ 53.
Kg3 Kf7 54. Qc7+ Ke6 55. Qc8+ Kd6 56. Qd8+ Kc5 57. Qb6+ Kc4 58. Qc7+ Kb4 59. Qb6+
Ka3 60. Kf2 Ka4 61. Ke3 Qe5+ 62. Kd3 Qb5+ 63. Ke4 Qxb6 64. axb6 Kb5 65. Kd4 0-1